| 000 | 00572nam a2200193Ia 4500 | ||
|---|---|---|---|
| 003 | GCL | ||
| 008 | 140319s9999 xx 000 0 ara d | ||
| 040 |
_aGCL / _cGCL |
||
| 082 | 0 | 4 |
_a157 _bف ا |
| 100 | 1 | _aفيصل عباس | |
| 245 | 1 | 0 |
_aاساليب دراسة الشخصية التكنيكات الاسقاطية / _cفيصل عباس |
| 260 |
_a[S.N] : _bدار الفكر اللبنانى ، _c1990 |
||
| 300 | _a296 ص | ||
| 490 | _a | ||
| 650 | 0 | 4 | _aعلم النفس |
| 650 | 0 | 4 | _aالتحليل النفسى |
| 650 | 0 | 4 | _aالشخصية |
| 942 |
_2ddc _cBK |
||
| 999 |
_c37414 _d37414 |
||